Miller GAAP Guide 1997 <A> Comprehensive Restatement of Current Promulgated. Generally Accepted Accounting Principles

Salvato in:
Dettagli Bibliografici
Autore principale: Williams, Jan R.
Natura: Libro
Lingua:inglese
Pubblicazione: San Diego Harcourt Brace and Co. 1997
Edizione:1. ed.
Soggetti:
Tags: Aggiungi Tag
Nessun Tag, puoi essere il primo ad aggiungerne!!

MARC

LEADER 00000nam a2200000 4500
001 c020165
005 20221214072706.1
020 |a 0-15-606453-7 
041 0 |a eng 
044 |a US 
245 1 0 |a Miller GAAP Guide 1997  |b <A> Comprehensive Restatement of Current Promulgated. Generally Accepted Accounting Principles  |c Jan R. Williams 
250 |a 1. ed. 
264 1 |a San Diego  |b Harcourt Brace and Co.  |c 1997 
300 |a [1500] s. 
610 2 0 |a účtovníctvo 
610 2 0 |a zásielky poštové 
610 2 0 |a evidencia účtovná 
610 2 0 |a metódy účtovné 
100 1 |a Williams, Jan R.